|
|
|
|
| LEADER |
00000nam2a2200000 4500 |
| 001 |
222390 |
| 005 |
20231031200025.0 |
| 020 |
|
|
|a RU
|b 85-69862ж
|
| 035 |
|
|
|a (RuTPU)RU\TPU\book\242598
|
| 035 |
|
|
|a RU\TPU\book\121569
|
| 090 |
|
|
|a 222390
|
| 100 |
|
|
|a 20120924d1985 k a0rusy5003 ca
|
| 101 |
0 |
|
|a rus
|
| 102 |
|
|
|a UA
|
| 105 |
|
|
|a y z 001zy
|
| 200 |
0 |
|
|a Вып. 32
|f отв. ред. В. П. Сигорский
|
| 210 |
|
|
|d 1985
|
| 215 |
|
|
|a 215 с.
|
| 461 |
|
1 |
|0 (RuTPU)RU\TPU\book\121569
|x 0320-6920
|t Автоматизация проектирования в электронике
|o республиканский межведомственный научно-технический сборник
|f Киевский политехнический институт (КПИ)
|v Вып. 32
|d 1978-1991
|
| 610 |
1 |
|
|a электронные приборы
|
| 610 |
1 |
|
|a проектирование
|
| 610 |
1 |
|
|a автоматизация
|
| 610 |
1 |
|
|a электроника
|
| 610 |
1 |
|
|a сборники
|
| 675 |
|
|
|a 621.38
|v 3
|
| 702 |
|
1 |
|a Сигорский
|b В. П.
|g Виталий Петрович
|4 340
|
| 801 |
|
0 |
|a RU
|b RuMRKP
|c 19950704
|g psbo
|
| 801 |
|
1 |
|a RU
|b 63413507
|c 20070328
|g PSBO
|
| 801 |
|
2 |
|a RU
|b 63413507
|c 20140623
|g PSBO
|
| 942 |
|
|
|c BK
|